Country Quiz: Kosovo 🇽🇰 - Statistics

General Stats
  • This quiz has been taken 47 times
  • The average score is 16 of 28
Answer Stats
Hint Answer % Correct
Bordering Countries Albania
94%
Main Religion Islam
91%
During the 12th century, this country would gain control of modern-day Kosovo, and this is where the beginning of this empire would take off Serbia
91%
Serbia
91%
Independence 2008
88%
Montenegro
88%
Currency Euro
82%
North Macedonia
82%
For five-ish centuries (14-20th century), this empire would be controlling modern-day Kosovo Ottoman empire
82%
Between 1946-1992, Kosovo would be part of this federation Yugoslavia
82%
Language Albanian
79%
World-Renowned Female Artist with Parents from Kosovo Dua Lipa
79%
Capital Pristina
79%
National Sport Football
73%
Time zones 1 (UTC+1)
64%
Second-Largest City Prizren
61%
1/44 Countries to lack access to any ocean, otherwise known as... Landlocked
58%
Nationality Kosovan
52%
State-Condition Republic
52%
Famous Kosovo-Born Artist Rita Ora
30%
Type of Government Parliamentary
27%
Former leader of the federation that Kosovo was part of, who ordered ethnic cleansing of Kosovo Slobodan Milosevic
24%
Main Economic Sector Tertiary / Service
18%
Unitary
18%
Climate Temperate
15%
Founding Father and Most Famous Leader Ibrahim Rugova
12%
National Animal Balkan Lynx
0%
National Dish Tavë Prizreni
0%
No matching quizzes found
Score Distribution
Percent of People with Each Score
Percentile by Number Answered
Your Score History
You have not taken this quiz